| 000 -LEADER |
| fixed length control field |
00436nam a2200145Ia 4500 |
| 008 - FIXED-LENGTH DATA ELEMENTS--GENERAL INFORMATION |
| fixed length control field |
220827s9999||||xx |||||||||||||| ||und|| |
| 020 ## - INTERNATIONAL STANDARD BOOK NUMBER |
| International Standard Book Number |
9789389108972 |
| 082 ## - DEWEY DECIMAL CLASSIFICATION NUMBER |
| Classification number |
610 |
| Item number |
Shu/P |
| 100 ## - MAIN ENTRY--PERSONAL NAME |
| Personal name |
Shukla, Parjanya Kumar & Gupta, Pawan kumar |
| 245 #2 - TITLE STATEMENT |
| Title |
A Practical Book of Pharmacognogy and Phytochemistry-2nd: 3rd Year B. Parm.Semester 3rd |
| 250 ## - EDITION STATEMENT |
| Edition statement |
2nd Ed. |
| 260 ## - PUBLICATION, DISTRIBUTION, ETC. |
| Place of publication, distribution, etc. |
Pune |
| Name of publisher, distributor, etc. |
Nirali Prakashan |
| Date of publication, distribution, etc. |
2021 |
| 300 ## - PHYSICAL DESCRIPTION |
| Extent |
68 |
| 942 ## - ADDED ENTRY ELEMENTS (KOHA) |
| Koha item type |
|